Man versus society in eighteenth-century Britain: six points of view, (Record no. 24879)
[ view plain ]
| 000 -LEADER | |
|---|---|
| fixed length control field | 01756cam a22003611 4500 |
| 001 - CONTROL NUMBER | |
| control field | 24879 |
| 003 - CONTROL NUMBER IDENTIFIER | |
| rucl marc code | BD-RjUL |
| 005 - DATE AND TIME OF LATEST TRANSACTION | |
| control field | 20211209001117.0 |
| 008 - FIXED-LENGTH DATA ELEMENTS--GENERAL INFORMATION | |
| fixed length control field | 140315s1968 enk b 101 0 eng |
| 020 ## - INTERNATIONAL STANDARD BOOK NUMBER | |
| International Standard Book Number | 0521046750 |
| 035 ## - SYSTEM CONTROL NUMBER | |
| System control number | (BD-RjUL)24948 |
| 040 ## - CATALOGING SOURCE | |
| Original cataloging agency | DLC |
| Transcribing agency | DLC |
| Modifying agency | DLC |
| -- | BD-RjUL |
| Language of cataloging | eng |
| 041 ## - LANGUAGE CODE | |
| Language code of text/sound track or separate title | eng |
| 082 00 - DEWEY DECIMAL CLASSIFICATION NUMBER | |
| Classification number | 914.2037 |
| Author mark and year | MAN |
| 245 00 - TITLE STATEMENT | |
| Title | Man versus society in eighteenth-century Britain: six points of view, |
| Statement of responsibility, etc. | by J. H. Plumb [and others]; edited by James L. Clifford. |
| 260 ## - PUBLICATION, DISTRIBUTION, ETC. (IMPRINT) | |
| Place of publication, distribution, etc. | London : |
| Name of publisher, distributor, etc. | Cambridge U.P., |
| Date of publication, distribution, etc. | 1968. |
| 300 ## - PHYSICAL DESCRIPTION | |
| Pagination | viii, 175 p. ; |
| Size | 23 cm. |
| 350 ## - PRICE (NR) (BK AM CF MU VM SE) [OBSOLETE] | |
| Price | 35/- |
| 500 ## - GENERAL NOTE | |
| General note | Symposium held on 14-16 October 1966, sponsored by the Conference on British Studies in conjunction with the University of Delaware and the Henry Francis du Pont Winterthur Museum. |
| 504 ## - BIBLIOGRAPHY, ETC. NOTE | |
| Bibliography, etc | Bibliographical references included in "Notes" (p. 152-168) |
| 505 0# - FORMATTED CONTENTS NOTE | |
| Formatted contents note | Political man, by J. H. Plumb.--Man's economic status, by J. Viner.--The churchman, by G. R. Cragg.--The artist, by R. Wittkower.--The composer, by P. H. Lang.--The writer, by B. H. Bronson.--Commentary summarised, by J. L. Clifford. |
| 651 #0 - SUBJECT ADDED ENTRY--GEOGRAPHIC NAME | |
| Geographic name | Great Britain |
| General subdivision | Civilization |
| Chronological subdivision | 18th century. |
| 9 (RLIN) | 76567 |
| 700 1# - ADDED ENTRY--PERSONAL NAME | |
| Personal name | Plumb, J. H. |
| Fuller form of name | (John Harold), |
| Dates associated with a name | 1911-2001. |
| Personal name | Clifford, James L. |
| Fuller form of name | (James Lowry), |
| Dates associated with a name | 1901-1978, |
| Relator term | ed. |
| 710 2# - ADDED ENTRY--CORPORATE NAME | |
| Corporate name or jurisdiction name as entry element | Conference on British studies. |
| 9 (RLIN) | 76569 |
| Corporate name or jurisdiction name as entry element | University of Delaware. |
| 9 (RLIN) | 39365 |
| Corporate name or jurisdiction name as entry element | Henry Francis du Pont Winterthur Museum. |
| 9 (RLIN) | 76570 |
| 856 42 - ELECTRONIC LOCATION AND ACCESS | |
| Materials specified | Publisher description |
| Uniform Resource Identifier | <a href="http://www.loc.gov/catdir/enhancements/fy1005/68012057-d.html">http://www.loc.gov/catdir/enhancements/fy1005/68012057-d.html</a> |
| Materials specified | Table of contents only |
| Uniform Resource Identifier | <a href="http://www.loc.gov/catdir/enhancements/fy1005/68012057-t.html">http://www.loc.gov/catdir/enhancements/fy1005/68012057-t.html</a> |
| 942 ## - ADDED ENTRY ELEMENTS (KOHA) | |
| Source of classification or shelving scheme | Dewey Decimal Classification |
| Koha item type | Books |
| Lost status | Source of classification or shelving scheme | Damaged status | Not for loan | Collection code | Permanent Location | Current Location | Shelving location | Date acquired | Source of acquisition | Cost, normal purchase price | Total Checkouts | Full call number | Date last seen | Copy number | Koha item type |
|---|---|---|---|---|---|---|---|---|---|---|---|---|---|---|---|
| Dewey Decimal Classification | Added to bundle | Non-fiction | Central Library, University of Rajshahi | Central Library, University of Rajshahi | Reading Room | 29/10/1970 | sweets & zeithinger | 35.00 | 914.2037 MAN 1968 | 15/03/2014 | C-1 | Books | |||
| Dewey Decimal Classification | Non-fiction | Central Library, University of Rajshahi | Central Library, University of Rajshahi | 29/10/1970 | sweets & zeithinger | 35.00 | 914.2037 MAN 1968 | 15/03/2014 | C-2 | Books |